000 01074nam a2200325 a 4500
001 000110526
003 CHAP
005 20220329144137.0
008 140908s1991 mx ab |r| ||||||spa d
010 _a106988
011 _a107960
020 _a9686029176
040 _cCHAP
082 0 4 _a307.72
_bC66
100 1 _aCochet, Hubert
_9128323
245 1 0 _aAlambradas en la sierra :
_bun sistema agrario en México; la Sierra de Coalcomán /
_cchumbert Cochet.
260 _aMéxico :
_bCentre d'Etudes Mexicaines et Centromericaines
_bEl Colegio de Michoacán,
_c1991.
300 _a350 p. :
_bil., cuadrs., gráfs., maps.
590 _aE5995AHE
_b05
_c20140908
_lUCH01
_h1137
590 _aE5995AHE
_b05
_c20140908
_lUCH01
_h1247
590 _aE5995AHE
_b05
_c20140908
_lUCH01
_h1354
590 _aE5995AHE
_b10
_c20140908
_lUCH01
_h1137
650 1 4 _aAgricultura
_xMichoacán.
_91743
650 1 4 _aCondiciones rurales
_zMichoacán.
_9128324
650 1 4 _aMigración rural.
_975609
650 1 4 _aMigración urbana.
_975610
901 _aBK
942 _cLIBRO
942 _n0
999 _c106988
_d106988